Análisis matemático : (Registro nro. 6305)
[ vista simple ]
| 000 -LEADER | |
|---|---|
| campo de control de longitud fija | 09500cam a22010934i 4500 |
| 003 - IDENTIFICADOR DE NÚMERO DE CONTROL | |
| campo de control | PE-LiUPU |
| 005 - FECHA Y HORA DE LA ÚLTIMA TRANSACCIÓN | |
| campo de control | 20250731180051.0 |
| 008 - DATOS DE LONGITUD FIJA--INFORMACIÓN GENERAL | |
| campo de control de longitud fija | 150720s2012 pe a rb 000 0 spa d |
| 020 ## - NÚMERO INTERNACIONAL ESTÁNDAR DEL LIBRO | |
| Número Internacional Estándar del Libro | 9786124160004 |
| 020 ## - NÚMERO INTERNACIONAL ESTÁNDAR DEL LIBRO | |
| Número Internacional Estándar del Libro | 9786124160059 |
| 035 ## - NÚMERO DE CONTROL DEL SISTEMA | |
| Número de control de sistema | (Sirsi) i9786124160004 |
| 035 ## - NÚMERO DE CONTROL DEL SISTEMA | |
| Número de control de sistema | (Sirsi) i9786124160004 |
| 040 ## - FUENTE DE CATALOGACIÓN | |
| Centro catalogador/agencia de origen | PE-LiUPU |
| Lengua de catalogación | spa |
| Centro/agencia transcriptor | PE-LiUPU |
| Normas de descripción | rda |
| 049 ## - FONDOS LOCALES (OCLC) | |
| Biblioteca depositaria | PRUA |
| 082 04 - NÚMERO DE LA CLASIFICACIÓN DECIMAL DEWEY | |
| Número de clasificación | 515.076 |
| Cutter | E88 2012 |
| 082 04 - NÚMERO DE LA CLASIFICACIÓN DECIMAL DEWEY | |
| Número de clasificación | 515.076 |
| Cutter | E88 2012 2 |
| 100 1# - ENTRADA PRINCIPAL--NOMBRE DE PERSONA | |
| Nombre de persona | Espinoza Ramos, Eduardo, |
| Fechas asociadas al nombre | 1946- , |
| Término indicativo de función/relación | autor. |
| 245 10 - MENCIÓN DEL TÍTULO | |
| Título | Análisis matemático : |
| Resto del título | para estudiantes de ciencia de ingeniería / |
| Mención de responsabilidad, etc. | Eduardo Espinoza Ramos. |
| 250 ## - MENCION DE EDICION | |
| Mención de edición | Sexta edición. |
| 264 #1 - PRODUCCIÓN, PUBLICACIÓN, DISTRIBUCIÓN, FABRICACIÓN Y COPYRIGHT | |
| Producción, publicación, distribución, fabricación y copyright | Lima : |
| Nombre del de productor, editor, distribuidor, fabricante | Ediciones edukperú, |
| Fecha de producción, publicación, distribución, fabricación o copyright | 2012. |
| 300 ## - DESCRIPCIÓN FÍSICA | |
| Extensión | 2 tomos : |
| Otras características físicas | ilustraciones ; |
| Dimensiones | 22 centímetros |
| 336 ## - TIPO DE CONTENIDO | |
| Término de tipo de contenido | text |
| Fuente | rdacontent |
| 337 ## - TIPO DE MEDIO | |
| Nombre/término del tipo de medio | unmediated |
| Fuente | rdamedia |
| 338 ## - TIPO DE SOPORTE | |
| Nombre/término del tipo de soporte | volume |
| Fuente | rdacarrier |
| 504 ## - NOTA DE BIBLIOGRAFÍA, ETC. | |
| Nota de bibliografía, etc. | Incluye bibliografía. |
| 505 0# - NOTA DE CONTENIDO CON FORMATO | |
| Información miscelánea | Tomo 1. |
| Nota de contenido con formato | Sistema de números reales -- Relaciones y funciones -- Límites y continuidad -- La derivada -- Aplicaciones de la derivada. |
| 505 0# - NOTA DE CONTENIDO CON FORMATO | |
| Información miscelánea | Tomo 2. |
| Nota de contenido con formato | Integral indefinida -- Integral definida -- Aplicaciones de la integral definida. |
| 526 ## - NOTA DE INFORMACIÓN SOBRE EL PROGRAMA DE ESTUDIO | |
| Nombre del programa | Segunda Especialidad En Estadística Aplicada Para Investigación (A Distancia) |
| 526 ## - NOTA DE INFORMACIÓN SOBRE EL PROGRAMA DE ESTUDIO | |
| Nombre del programa | Segunda Especialidad En Estadística Aplicada Para Investigación |
| 526 ## - NOTA DE INFORMACIÓN SOBRE EL PROGRAMA DE ESTUDIO | |
| Nombre del programa | Odontología |
| 526 ## - NOTA DE INFORMACIÓN SOBRE EL PROGRAMA DE ESTUDIO | |
| Nombre del programa | Tecnología Médica En Terapia Física Y Rehabilitación (A Distancia) |
| 526 ## - NOTA DE INFORMACIÓN SOBRE EL PROGRAMA DE ESTUDIO | |
| Nombre del programa | Tecnología Médica En Terapia Física Y Rehabilitación (Semipresencial) |
| 526 ## - NOTA DE INFORMACIÓN SOBRE EL PROGRAMA DE ESTUDIO | |
| Nombre del programa | Tecnología Médica En Laboratorio Clínico Y Anatomía Patológica |
| 526 ## - NOTA DE INFORMACIÓN SOBRE EL PROGRAMA DE ESTUDIO | |
| Nombre del programa | Ingeniería De Ciencia De Datos E Inteligencia Artificial |
| 526 ## - NOTA DE INFORMACIÓN SOBRE EL PROGRAMA DE ESTUDIO | |
| Nombre del programa | Ingeniería Ambiental (Semipresencial) |
| 526 ## - NOTA DE INFORMACIÓN SOBRE EL PROGRAMA DE ESTUDIO | |
| Nombre del programa | Nutrición humana |
| 526 ## - NOTA DE INFORMACIÓN SOBRE EL PROGRAMA DE ESTUDIO | |
| Nombre del programa | Medicina humana |
| 526 ## - NOTA DE INFORMACIÓN SOBRE EL PROGRAMA DE ESTUDIO | |
| Nombre del programa | Ingeniería de industrias alimentarias |
| 526 ## - NOTA DE INFORMACIÓN SOBRE EL PROGRAMA DE ESTUDIO | |
| Nombre del programa | Ingeniería civil |
| 526 ## - NOTA DE INFORMACIÓN SOBRE EL PROGRAMA DE ESTUDIO | |
| Nombre del programa | Ingeniería ambiental |
| 526 ## - NOTA DE INFORMACIÓN SOBRE EL PROGRAMA DE ESTUDIO | |
| Nombre del programa | Enfermería |
| 526 ## - NOTA DE INFORMACIÓN SOBRE EL PROGRAMA DE ESTUDIO | |
| Nombre del programa | Educación secundaria, especialidad matemática e informática |
| 526 ## - NOTA DE INFORMACIÓN SOBRE EL PROGRAMA DE ESTUDIO | |
| Nombre del programa | Educación secundaria, especialidad ambiental, biología y química |
| 596 ## - | |
| -- | 1 3 |
| 650 14 - PUNTO DE ACCESO ADICIONAL DE MATERIA--TÉRMINO DE MATERIA | |
| Término de materia o nombre geográfico como elemento de entrada | Análisis matemático |
| Subdivisión de forma | Problemas, ejercicios, etc. |
| 650 24 - PUNTO DE ACCESO ADICIONAL DE MATERIA--TÉRMINO DE MATERIA | |
| Término de materia o nombre geográfico como elemento de entrada | Análisis matemático |
| Subdivisión general | Estudio y enseñanza. |
| 650 24 - PUNTO DE ACCESO ADICIONAL DE MATERIA--TÉRMINO DE MATERIA | |
| Término de materia o nombre geográfico como elemento de entrada | Variables (Matemáticas). |
| 910 ## - DATOS DE OPCIÓN DEL USUARIO (OCLC) | |
| Datos de opción del usuario | jck |
| -- | lch |
| 910 ## - DATOS DE OPCIÓN DEL USUARIO (OCLC) | |
| -- | welc |
| -- | 20161017 |
| 942 ## - ELEMENTOS DE ENTRADA SECUNDARIOS (KOHA) | |
| Fuente del sistema de clasificación o colocación | Clasificación Decimal Dewey |
| Tipo de ítem Koha | |
| 949 ## - PROCESAMIENTO DE INFORMACIÓN LOCAL (OCLC) | |
| a | 515.076 E88 2012 1 |
| w | DEWEY |
| c | 1 |
| i | 70040 |
| d | 2016-11-24 |
| e | 2016-11-21 |
| l | CCODEBUL1 |
| m | BUL |
| n | 20 |
| p | 10.40 |
| r | 0 |
| s | Y |
| t | BOOK |
| u | 2015-8-17 |
| x | INGENIERIA |
| -- | P25 |
| 0 | COMPRA |
| o | .STAFF. Colección General |
| 949 ## - PROCESAMIENTO DE INFORMACIÓN LOCAL (OCLC) | |
| a | 515.076 E88 2012 1 |
| w | DEWEY |
| c | 10 |
| i | 70049 |
| d | 2016-9-7 |
| e | 2016-9-7 |
| k | CHECKEDOUT |
| l | CCODEBUL1 |
| m | BUL |
| n | 8 |
| p | 10.40 |
| r | M |
| s | Y |
| t | BOOK |
| u | 2015-8-17 |
| x | INGENIERIA |
| -- | P25 |
| 0 | COMPRA |
| o | .STAFF. Colección General |
| 949 ## - PROCESAMIENTO DE INFORMACIÓN LOCAL (OCLC) | |
| a | 515.076 E88 2012 1 |
| w | DEWEY |
| c | 2 |
| i | 70041 |
| d | 2016-11-24 |
| e | 2016-11-21 |
| l | CCODEBUL1 |
| m | BUL |
| n | 20 |
| p | 10.40 |
| r | 0 |
| s | Y |
| t | BOOK |
| u | 2015-8-17 |
| x | INGENIERIA |
| -- | P25 |
| 0 | COMPRA |
| o | .STAFF. Colección General |
| 949 ## - PROCESAMIENTO DE INFORMACIÓN LOCAL (OCLC) | |
| a | 515.076 E88 2012 1 |
| w | DEWEY |
| c | 3 |
| i | 70042 |
| d | 2016-11-3 |
| e | 2016-10-31 |
| l | CCODEBUL1 |
| m | BUL |
| n | 15 |
| p | 10.40 |
| r | 0 |
| s | Y |
| t | BOOK |
| u | 2015-8-17 |
| x | INGENIERIA |
| -- | P25 |
| 0 | COMPRA |
| o | .STAFF. Colección General |
| 949 ## - PROCESAMIENTO DE INFORMACIÓN LOCAL (OCLC) | |
| a | 515.076 E88 2012 1 |
| w | DEWEY |
| c | 5 |
| i | 70044 |
| d | 2016-11-29 |
| e | 2016-11-25 |
| l | CCODEBUL1 |
| m | BUL |
| n | 38 |
| p | 10.40 |
| r | 0 |
| s | Y |
| t | BOOK |
| u | 2015-8-17 |
| x | INGENIERIA |
| -- | P25 |
| 0 | COMPRA |
| o | .STAFF. Colección General |
| 949 ## - PROCESAMIENTO DE INFORMACIÓN LOCAL (OCLC) | |
| a | 515.076 E88 2012 1 |
| w | DEWEY |
| c | 6 |
| i | 70045 |
| d | 2016-11-24 |
| e | 2016-9-28 |
| l | CCODEBUL1 |
| m | BUL |
| n | 28 |
| p | 10.40 |
| r | 0 |
| s | Y |
| t | BOOK |
| u | 2015-8-17 |
| x | INGENIERIA |
| -- | P25 |
| 0 | COMPRA |
| o | .STAFF. Colección General |
| 949 ## - PROCESAMIENTO DE INFORMACIÓN LOCAL (OCLC) | |
| a | 515.076 E88 2012 1 |
| w | DEWEY |
| c | 8 |
| i | 70047 |
| d | 2016-11-16 |
| e | 2016-11-14 |
| l | CCODEBUL1 |
| m | BUL |
| n | 16 |
| p | 10.40 |
| r | 0 |
| s | Y |
| t | BOOK |
| u | 2015-8-17 |
| x | INGENIERIA |
| -- | P25 |
| 0 | COMPRA |
| o | .STAFF. Colección General |
| 949 ## - PROCESAMIENTO DE INFORMACIÓN LOCAL (OCLC) | |
| a | 515.076 E88 2012 1 |
| w | DEWEY |
| c | 9 |
| i | 70048 |
| d | 2016-11-29 |
| e | 2016-11-25 |
| l | CCODEBUL1 |
| m | BUL |
| n | 17 |
| p | 10.40 |
| r | 0 |
| s | Y |
| t | BOOK |
| u | 2015-8-17 |
| x | INGENIERIA |
| -- | P25 |
| 0 | COMPRA |
| o | .STAFF. Colección General |
| 949 ## - PROCESAMIENTO DE INFORMACIÓN LOCAL (OCLC) | |
| a | 515.076 E88 2012 2 |
| w | DEWEY |
| c | 1 |
| i | 70050 |
| l | CCODEBUL1 |
| m | BUL |
| p | 10.40 |
| r | 0 |
| s | Y |
| t | BOOK |
| u | 2015-7-20 |
| x | INGENIERIA |
| -- | P25 |
| 0 | COMPRA |
| o | .STAFF. Colección General |
| 949 ## - PROCESAMIENTO DE INFORMACIÓN LOCAL (OCLC) | |
| a | 515.076 E88 2012 2 |
| w | DEWEY |
| c | 10 |
| i | 70059 |
| d | 2016-8-24 |
| e | 2016-8-19 |
| l | CCODEBUL1 |
| m | BUL |
| n | 7 |
| p | 10.40 |
| r | 0 |
| s | Y |
| t | BOOK |
| u | 2015-7-20 |
| x | INGENIERIA |
| -- | P25 |
| 0 | COMPRA |
| o | .STAFF. Colección General |
| 949 ## - PROCESAMIENTO DE INFORMACIÓN LOCAL (OCLC) | |
| a | 515.076 E88 2012 2 |
| w | DEWEY |
| c | 2 |
| i | 70051 |
| d | 2016-8-31 |
| e | 2015-8-26 |
| l | CCODEBUL1 |
| m | BUL |
| n | 1 |
| p | 10.40 |
| r | 0 |
| s | Y |
| t | BOOK |
| u | 2015-7-20 |
| x | INGENIERIA |
| -- | P25 |
| 0 | COMPRA |
| o | .STAFF. Colección General |
| 949 ## - PROCESAMIENTO DE INFORMACIÓN LOCAL (OCLC) | |
| a | 515.076 E88 2012 2 |
| w | DEWEY |
| c | 3 |
| i | 70052 |
| d | 2016-8-15 |
| e | 2016-8-15 |
| l | CCODEBUL1 |
| m | BUL |
| n | 6 |
| p | 10.40 |
| r | 0 |
| s | Y |
| t | BOOK |
| u | 2015-7-20 |
| x | INGENIERIA |
| -- | P25 |
| 0 | COMPRA |
| o | .STAFF. Colección General |
| 949 ## - PROCESAMIENTO DE INFORMACIÓN LOCAL (OCLC) | |
| a | 515.076 E88 2012 2 |
| w | DEWEY |
| c | 4 |
| i | 70053 |
| d | 2016-8-21 |
| e | 2016-8-18 |
| l | CCODEBUL1 |
| m | BUL |
| n | 6 |
| p | 10.40 |
| r | 0 |
| s | Y |
| t | BOOK |
| u | 2015-7-20 |
| x | INGENIERIA |
| -- | P25 |
| 0 | COMPRA |
| o | .STAFF. Colección General |
| 949 ## - PROCESAMIENTO DE INFORMACIÓN LOCAL (OCLC) | |
| a | 515.076 E88 2012 2 |
| w | DEWEY |
| c | 5 |
| i | 70054 |
| l | CCODEBUL1 |
| m | BUL |
| p | 10.40 |
| r | 0 |
| s | Y |
| t | BOOK |
| u | 2015-7-20 |
| x | INGENIERIA |
| -- | P25 |
| 0 | COMPRA |
| o | .STAFF. Colección General |
| 949 ## - PROCESAMIENTO DE INFORMACIÓN LOCAL (OCLC) | |
| a | 515.076 E88 2012 2 |
| w | DEWEY |
| c | 6 |
| i | 70055 |
| d | 2016-3-15 |
| e | 2016-3-14 |
| l | CCODEBUL1 |
| m | BUL |
| n | 2 |
| p | 10.40 |
| r | 0 |
| s | Y |
| t | BOOK |
| u | 2015-7-20 |
| x | INGENIERIA |
| -- | P25 |
| 0 | COMPRA |
| o | .STAFF. Colección General |
| 949 ## - PROCESAMIENTO DE INFORMACIÓN LOCAL (OCLC) | |
| a | 515.076 E88 2012 2 |
| w | DEWEY |
| c | 7 |
| i | 70056 |
| d | 2016-10-17 |
| e | 2016-10-13 |
| l | CCODEBUL1 |
| m | BUL |
| n | 3 |
| p | 10.40 |
| r | 0 |
| s | Y |
| t | BOOK |
| u | 2015-7-20 |
| x | INGENIERIA |
| -- | P25 |
| 0 | COMPRA |
| o | .STAFF. Colección General |
| 949 ## - PROCESAMIENTO DE INFORMACIÓN LOCAL (OCLC) | |
| a | 515.076 E88 2012 2 |
| w | DEWEY |
| c | 8 |
| i | 70057 |
| d | 2016-4-13 |
| e | 2016-4-13 |
| l | CCODEBUL1 |
| m | BUL |
| n | 1 |
| p | 10.40 |
| r | 0 |
| s | Y |
| t | BOOK |
| u | 2015-7-20 |
| x | INGENIERIA |
| -- | P25 |
| 0 | COMPRA |
| o | .STAFF. Colección General |
| 949 ## - PROCESAMIENTO DE INFORMACIÓN LOCAL (OCLC) | |
| a | 515.076 E88 2012 2 |
| w | DEWEY |
| c | 9 |
| i | 70058 |
| d | 2016-9-5 |
| e | 2016-8-31 |
| l | CCODEBUL1 |
| m | BUL |
| n | 4 |
| p | 10.40 |
| r | 0 |
| s | Y |
| t | BOOK |
| u | 2015-7-20 |
| x | INGENIERIA |
| -- | P25 |
| 0 | COMPRA |
| o | .STAFF. Colección General |
| 949 ## - PROCESAMIENTO DE INFORMACIÓN LOCAL (OCLC) | |
| a | 515.076 E88 2012 T1 |
| w | DEWEY |
| c | 1 |
| i | FJ02941 |
| l | CCODEBUL1 |
| m | BUJ |
| p | 11.00 |
| r | 0 |
| s | Y |
| t | BOOK |
| u | 2016-10-17 |
| x | INGENIERIA |
| -- | P25 |
| 0 | COMPRA |
| o | .STAFF. Colección General Juliaca |
| 949 ## - PROCESAMIENTO DE INFORMACIÓN LOCAL (OCLC) | |
| a | 515.076 E88 2012 T2 |
| w | DEWEY |
| c | 1 |
| i | FJ03309 |
| l | CCODEBUL1 |
| m | BUJ |
| p | 11.00 |
| r | 0 |
| s | Y |
| t | BOOK |
| u | 2016-10-25 |
| x | INGENIERIA |
| -- | P25 |
| 0 | COMPRA |
| o | .STAFF. Colección General Juliaca |
| 994 ## - | |
| -- | C0 |
| -- | PEPRU |
| 999 ## - NÚMEROS DE CONTROL DE SISTEMA (KOHA) | |
| -- | DEWEY |
| -- | 70050 |
| -- | LOST |
| -- | BUL |
| -- | 10.40 |
| -- | 1 |
| -- | Y |
| -- | BOOK |
| -- | 2015-7-20 |
| -- | INGENIERIA |
| -- | P25 |
| -- | COMPRA |
| -- | .STAFF. Colección General |
| 999 ## - NÚMEROS DE CONTROL DE SISTEMA (KOHA) | |
| -- | DEWEY |
| -- | 70051 |
| -- | 2015-8-26 |
| -- | LOST |
| -- | BUL |
| -- | 1 |
| -- | 10.40 |
| -- | 1 |
| -- | Y |
| -- | BOOK |
| -- | 2015-7-20 |
| -- | INGENIERIA |
| -- | P25 |
| -- | COMPRA |
| -- | .STAFF. Colección Ingeniería y Arquitectura |
| 999 ## - NÚMEROS DE CONTROL DE SISTEMA (KOHA) | |
| -- | DEWEY |
| -- | 70052 |
| -- | 2019-5-2 |
| -- | 2021-11-9 |
| -- | 7 |
| -- | CCODEBUL1 |
| -- | BUL |
| -- | 14 |
| -- | 10.40 |
| -- | 3 |
| -- | 0 |
| -- | Y |
| -- | BOOK |
| -- | 2015-7-20 |
| -- | INGENIERIA |
| -- | P25 |
| -- | COMPRA |
| -- | .STAFF. Colección Ingeniería y Arquitectura |
| 999 ## - NÚMEROS DE CONTROL DE SISTEMA (KOHA) | |
| -- | DEWEY |
| -- | 70053 |
| -- | 2019-5-20 |
| -- | 2021-11-5 |
| -- | 7 |
| -- | CCODEBUL1 |
| -- | BUL |
| -- | 13 |
| -- | 10.40 |
| -- | 4 |
| -- | 0 |
| -- | Y |
| -- | BOOK |
| -- | 2015-7-20 |
| -- | BIBLIOTECA |
| -- | P25 |
| -- | COMPRA |
| -- | .STAFF. Colección Ingeniería y Arquitectura |
| 999 ## - NÚMEROS DE CONTROL DE SISTEMA (KOHA) | |
| -- | DEWEY |
| -- | 70054 |
| -- | LOST |
| -- | BUL |
| -- | 10.40 |
| -- | 1 |
| -- | Y |
| -- | BOOK |
| -- | 2015-7-20 |
| -- | INGENIERIA |
| -- | P25 |
| -- | COMPRA |
| -- | .STAFF. Colección Ingeniería y Arquitectura |
| 999 ## - NÚMEROS DE CONTROL DE SISTEMA (KOHA) | |
| -- | DEWEY |
| -- | 70055 |
| -- | 2019-3-28 |
| -- | 2021-11-9 |
| -- | 7 |
| -- | CCODEBUL1 |
| -- | BUL |
| -- | 9 |
| -- | 10.40 |
| -- | 2 |
| -- | 0 |
| -- | Y |
| -- | BOOK |
| -- | 2015-7-20 |
| -- | INGENIERIA |
| -- | P25 |
| -- | COMPRA |
| -- | .STAFF. Colección Ingeniería y Arquitectura |
| 999 ## - NÚMEROS DE CONTROL DE SISTEMA (KOHA) | |
| -- | DEWEY |
| -- | 70056 |
| -- | 2019-5-7 |
| -- | 2021-11-9 |
| -- | 7 |
| -- | CCODEBUL1 |
| -- | BUL |
| -- | 7 |
| -- | 10.40 |
| -- | 0 |
| -- | Y |
| -- | BOOK |
| -- | 2015-7-20 |
| -- | INGENIERIA |
| -- | P25 |
| -- | COMPRA |
| -- | .STAFF. Colección Ingeniería y Arquitectura |
| 999 ## - NÚMEROS DE CONTROL DE SISTEMA (KOHA) | |
| -- | DEWEY |
| -- | 70057 |
| -- | 2019-5-28 |
| -- | 2021-11-9 |
| -- | 7 |
| -- | CCODEBUL1 |
| -- | BUL |
| -- | 9 |
| -- | 10.40 |
| -- | 1 |
| -- | 0 |
| -- | Y |
| -- | BOOK |
| -- | 2015-7-20 |
| -- | INGENIERIA |
| -- | P25 |
| -- | COMPRA |
| -- | .STAFF. Colección Ingeniería y Arquitectura |
| 999 ## - NÚMEROS DE CONTROL DE SISTEMA (KOHA) | |
| -- | DEWEY |
| -- | 70058 |
| -- | 2019-5-22 |
| -- | 2021-11-9 |
| -- | 7 |
| -- | CCODEBUL1 |
| -- | BUL |
| -- | 8 |
| -- | 10.40 |
| -- | 5 |
| -- | 0 |
| -- | Y |
| -- | BOOK |
| -- | 2015-7-20 |
| -- | INGENIERIA |
| -- | P25 |
| -- | COMPRA |
| -- | .STAFF. Colección Ingeniería y Arquitectura |
| 999 ## - NÚMEROS DE CONTROL DE SISTEMA (KOHA) | |
| -- | DEWEY |
| -- | 70059 |
| -- | 2019-6-10 |
| -- | 2021-11-9 |
| -- | 7 |
| -- | CCODEBUL1 |
| -- | BUL |
| -- | 18 |
| -- | 10.40 |
| -- | 3 |
| -- | 0 |
| -- | Y |
| -- | BOOK |
| -- | 2015-7-20 |
| -- | INGENIERIA |
| -- | P25 |
| -- | COMPRA |
| -- | .STAFF. Colección Ingeniería y Arquitectura |
| 999 ## - NÚMEROS DE CONTROL DE SISTEMA (KOHA) | |
| -- | DEWEY |
| -- | 70040 |
| -- | 2019-5-13 |
| -- | 2021-11-9 |
| -- | 7 |
| -- | CCODEBUL1 |
| -- | BUL |
| -- | 42 |
| -- | 10.40 |
| -- | 4 |
| -- | 0 |
| -- | Y |
| -- | BOOK |
| -- | 2015-8-17 |
| -- | INGENIERIA |
| -- | P25 |
| -- | COMPRA |
| -- | .STAFF. Colección General |
| 999 ## - NÚMEROS DE CONTROL DE SISTEMA (KOHA) | |
| -- | DEWEY |
| -- | 70041 |
| -- | 2019-3-8 |
| -- | 2021-11-9 |
| -- | 7 |
| -- | CCODEBUL1 |
| -- | BUL |
| -- | 26 |
| -- | 10.40 |
| -- | 1 |
| -- | 0 |
| -- | Y |
| -- | BOOK |
| -- | 2015-8-17 |
| -- | INGENIERIA |
| -- | P25 |
| -- | COMPRA |
| -- | .STAFF. Colección General |
| 999 ## - NÚMEROS DE CONTROL DE SISTEMA (KOHA) | |
| -- | DEWEY |
| -- | 70042 |
| -- | 2019-10-14 |
| -- | 2021-11-9 |
| -- | 7 |
| -- | CCODEBUL1 |
| -- | BUL |
| -- | 32 |
| -- | 10.40 |
| -- | 0 |
| -- | Y |
| -- | BOOK |
| -- | 2015-8-17 |
| -- | INGENIERIA |
| -- | P25 |
| -- | COMPRA |
| -- | .STAFF. Colección General |
| 999 ## - NÚMEROS DE CONTROL DE SISTEMA (KOHA) | |
| -- | DEWEY |
| -- | 70044 |
| -- | 2019-10-16 |
| -- | 2021-11-5 |
| -- | 7 |
| -- | CCODEBUL1 |
| -- | BUL |
| -- | 51 |
| -- | 10.40 |
| -- | 6 |
| -- | 0 |
| -- | Y |
| -- | BOOK |
| -- | 2015-8-17 |
| -- | BIBLIOTECA |
| -- | P25 |
| -- | COMPRA |
| -- | .STAFF. Colección General |
| 999 ## - NÚMEROS DE CONTROL DE SISTEMA (KOHA) | |
| -- | DEWEY |
| -- | 70045 |
| -- | 2019-10-11 |
| -- | 2021-11-9 |
| -- | 7 |
| -- | CCODEBUL1 |
| -- | BUL |
| -- | 48 |
| -- | 10.40 |
| -- | 3 |
| -- | 0 |
| -- | Y |
| -- | BOOK |
| -- | 2015-8-17 |
| -- | INGENIERIA |
| -- | P25 |
| -- | COMPRA |
| -- | .STAFF. Colección General |
| 999 ## - NÚMEROS DE CONTROL DE SISTEMA (KOHA) | |
| -- | DEWEY |
| -- | 70047 |
| -- | 2022-5-15 |
| -- | 2021-11-9 |
| -- | 7 |
| -- | CCODEBUL1 |
| -- | BUL |
| -- | 34 |
| -- | 10.40 |
| -- | 6 |
| -- | 0 |
| -- | Y |
| -- | BOOK |
| -- | 2015-8-17 |
| -- | INGENIERIA |
| -- | P25 |
| -- | COMPRA |
| -- | .STAFF. Colección General |
| 999 ## - NÚMEROS DE CONTROL DE SISTEMA (KOHA) | |
| -- | DEWEY |
| -- | 70048 |
| -- | 2016-11-25 |
| -- | 2017-2-12 |
| -- | 3 |
| -- | CHECKEDOUT |
| -- | CCODEBUL1 |
| -- | BUL |
| -- | 17 |
| -- | 10.40 |
| -- | 0 |
| -- | Y |
| -- | BOOK |
| -- | 2015-8-17 |
| -- | INGENIERIA |
| -- | P25 |
| -- | COMPRA |
| -- | .STAFF. Colección General |
| 999 ## - NÚMEROS DE CONTROL DE SISTEMA (KOHA) | |
| -- | DEWEY |
| -- | 70049 |
| -- | 2019-11-11 |
| -- | 2021-11-9 |
| -- | 4 |
| -- | CCODEBUL1 |
| -- | BUL |
| -- | 27 |
| -- | 10.40 |
| -- | 2 |
| -- | 0 |
| -- | Y |
| -- | BOOK |
| -- | 2015-8-17 |
| -- | INGENIERIA |
| -- | P25 |
| -- | COMPRA |
| -- | .STAFF. Colección Ingeniería y Arquitectura |
| 999 ## - NÚMEROS DE CONTROL DE SISTEMA (KOHA) | |
| -- | DEWEY |
| -- | FJ02941 |
| -- | 2018-11-13 |
| -- | 2017-12-28 |
| -- | 1 |
| -- | CHECKEDOUT |
| -- | CCODEBUJ1 |
| -- | BUJ |
| -- | 22 |
| -- | 11.00 |
| -- | 8 |
| -- | M |
| -- | Y |
| -- | BOOK |
| -- | 2016-10-17 |
| -- | INGENIERIA |
| -- | P25 |
| -- | COMPRA |
| -- | .STAFF. Colección General Juliaca |
| 999 ## - NÚMEROS DE CONTROL DE SISTEMA (KOHA) | |
| -- | DEWEY |
| -- | FJ03309 |
| -- | 2018-11-8 |
| -- | 2022-1-19 |
| -- | 4 |
| -- | CCODEBUJ1 |
| -- | BUJ |
| -- | 9 |
| -- | 11.00 |
| -- | 7 |
| -- | 0 |
| -- | Y |
| -- | BOOK |
| -- | 2016-10-25 |
| -- | INGENIERIA |
| -- | P25 |
| -- | COMPRA |
| -- | .STAFF. Colección General Juliaca |
| 980 ## - EQUIVALENCIA O REFERENCIA-CRUZADA-MENCIÓN DE SERIE--NOMBRE DE PERSONA/TÍTULO [LOCAL, CANADÁ] | |
| ID del último usuario que modificó el registro | 1 |
| Nombre del último usuario que modificó el registro | ALBERTO SANCHEZ Responsable de Automatización |
| Visto por última vez | Número de inventario | Total de préstamos | Signatura topográfica completa | Código de barras | Fecha del último préstamo | Copia número | Coste, precio de reemplazo | Fecha de reemplazo | Facultad | Tipo de ítem Koha | Nota pública | Estado de pérdida | Fuente del sistema de clasificación o colocación | Restricciones de uso | No para préstamo | Colección | Programa académico | Biblioteca de origen | Biblioteca actual | Ubicación en estantería | Fecha de adquisición | Fuente de adquisición | Coste, precio normal de compra |
|---|---|---|---|---|---|---|---|---|---|---|---|---|---|---|---|---|---|---|---|---|---|---|---|
| 2016-08-31 | 7 | 1 | 515.076 E88 2012 2 | 70050 | 2015-08-26 | e1 | 15.40 | 2015-07-20 | FACIHED | Libros físicos | perdido o baja hasta el 2023-12-13 | Perdido | Clasificación Decimal Dewey | Restringido | No disponible para préstamos | Colección General | Educación secundaria, especialidad matemática e informática | Biblioteca CRAI UPeU Lima | Biblioteca CRAI UPeU Lima | Sala principal | 2015-07-20 | COMPRA | 10.40 |
| 2019-05-07 | 7 | 14 | 515.076 E88 2012 2 | 70051 | 2019-05-02 | e2 | 15.40 | 2015-07-20 | FACIHED | Libros físicos | perdido o baja hasta el 2023-12-13 | Perdido | Clasificación Decimal Dewey | Restringido | No disponible para préstamos | Colección General | Educación secundaria, especialidad matemática e informática | Biblioteca CRAI UPeU Lima | Biblioteca CRAI UPeU Lima | Sala principal | 2015-07-20 | COMPRA | 10.40 |
| 2025-12-02 | 8 | 16 | 515.076 E88 2012 2 | 70052 | 2024-05-07 | e3 | 15.40 | 2015-07-20 | FACIHED | Libros físicos | inventario-2023-12-13 | No Perdido | Clasificación Decimal Dewey | No restringido | Disponible para préstamos | Colección General | Educación secundaria, especialidad matemática e informática | Biblioteca CRAI UPeU Lima | Biblioteca CRAI UPeU Lima | Sala principal | 2015-07-20 | COMPRA | 10.40 |
| 2025-12-02 | 8 | 11 | 515.076 E88 2012 2 | 70053 | 2024-05-07 | e4 | 15.40 | 2015-07-20 | FACIHED | Libros físicos | inventario-2023-12-13 | No Perdido | Clasificación Decimal Dewey | No restringido | Disponible para préstamos | Colección General | Educación secundaria, especialidad matemática e informática | Biblioteca CRAI UPeU Lima | Biblioteca CRAI UPeU Lima | Sala principal | 2015-07-20 | COMPRA | 10.40 |
| 2019-05-29 | 7 | 7 | 515.076 E88 2012 2 | 70054 | 2019-05-07 | e5 | 15.40 | 2015-07-20 | FACIHED | Libros físicos | perdido o baja hasta el 2023-12-13 | Perdido | Clasificación Decimal Dewey | Restringido | No disponible para préstamos | Colección General | Educación secundaria, especialidad matemática e informática | Biblioteca CRAI UPeU Lima | Biblioteca CRAI UPeU Lima | Sala principal | 2015-07-20 | COMPRA | 10.40 |
| 2025-12-02 | 8 | 10 | 515.076 E88 2012 2 | 70055 | 2024-04-16 | e6 | 15.40 | 2015-07-20 | FACIHED | Libros físicos | inventario-2023-12-13 | No Perdido | Clasificación Decimal Dewey | No restringido | Disponible para préstamos | Colección General | Educación secundaria, especialidad matemática e informática | Biblioteca CRAI UPeU Lima | Biblioteca CRAI UPeU Lima | Sala principal | 2015-07-20 | COMPRA | 10.40 |
| 2025-12-02 | 8 | 8 | 515.076 E88 2012 2 | 70056 | 2019-05-22 | e7 | 15.40 | 2015-07-20 | FACIHED | Libros físicos | inventario-2023-12-13 | No Perdido | Clasificación Decimal Dewey | No restringido | Disponible para préstamos | Colección General | Educación secundaria, especialidad matemática e informática | Biblioteca CRAI UPeU Lima | Biblioteca CRAI UPeU Lima | Sala principal | 2015-07-20 | COMPRA | 10.40 |
| 2025-12-02 | 8 | 20 | 515.076 E88 2012 2 | 70057 | 2024-05-03 | e8 | 15.40 | 2015-07-20 | FACIHED | Libros físicos | inventario-2023-12-13 | No Perdido | Clasificación Decimal Dewey | No restringido | Disponible para préstamos | Colección General | Educación secundaria, especialidad matemática e informática | Biblioteca CRAI UPeU Lima | Biblioteca CRAI UPeU Lima | Sala principal | 2015-07-20 | COMPRA | 10.40 |
| 2025-12-02 | 8 | 43 | 515.076 E88 2012 2 | 70058 | 2024-05-07 | e9 | 15.40 | 2015-07-20 | FACIHED | Libros físicos | inventario-2023-12-13 | No Perdido | Clasificación Decimal Dewey | No restringido | Disponible para préstamos | Colección General | Educación secundaria, especialidad matemática e informática | Biblioteca CRAI UPeU Lima | Biblioteca CRAI UPeU Lima | Sala principal | 2015-07-20 | COMPRA | 10.40 |
| 2025-12-02 | 8 | 26 | 515.076 E88 2012 2 | 70059 | 2019-03-08 | e10 | 15.40 | 2015-07-20 | FACIHED | Libros físicos | inventario-2023-12-13 | No Perdido | Clasificación Decimal Dewey | No restringido | Disponible para préstamos | Colección General | Educación secundaria, especialidad matemática e informática | Biblioteca CRAI UPeU Lima | Biblioteca CRAI UPeU Lima | Sala principal | 2015-07-20 | COMPRA | 10.40 |
| 2025-12-02 | 8 | 32 | 515.076 E88 2012 1 | 70040 | 2019-10-14 | e1 | 15.40 | 2015-08-17 | FACIHED | Libros físicos | inventario-2023-12-13 | No Perdido | Clasificación Decimal Dewey | No restringido | Disponible para préstamos | Colección General | Educación secundaria, especialidad matemática e informática | Biblioteca CRAI UPeU Lima | Biblioteca CRAI UPeU Lima | Sala principal | 2015-08-17 | COMPRA | 10.40 |
| 2025-12-02 | 8 | 51 | 515.076 E88 2012 1 | 70041 | 2019-10-16 | e2 | 15.40 | 2015-08-17 | FACIHED | Libros físicos | inventario-2023-12-13 | No Perdido | Clasificación Decimal Dewey | No restringido | Disponible para préstamos | Colección General | Educación secundaria, especialidad matemática e informática | Biblioteca CRAI UPeU Lima | Biblioteca CRAI UPeU Lima | Sala principal | 2015-08-17 | COMPRA | 10.40 |
| 2025-12-02 | 8 | 48 | 515.076 E88 2012 1 | 70042 | 2019-10-11 | e3 | 15.40 | 2015-08-17 | FACIHED | Libros físicos | inventario-2023-12-13 | No Perdido | Clasificación Decimal Dewey | No restringido | Disponible para préstamos | Colección General | Educación secundaria, especialidad matemática e informática | Biblioteca CRAI UPeU Lima | Biblioteca CRAI UPeU Lima | Sala principal | 2015-08-17 | COMPRA | 10.40 |
| 2025-12-02 | 4 | 37 | 515.076 E88 2012 1 | 70044 | 2024-04-21 | e5 | 15.40 | 2015-08-17 | FACIHED | Libros físicos | inventario-2023-12-13 | No Perdido | Clasificación Decimal Dewey | No restringido | Disponible para préstamos | Colección General | Educación secundaria, especialidad matemática e informática | Biblioteca CRAI UPeU Lima | Biblioteca CRAI UPeU Lima | Sala principal | 2015-08-17 | COMPRA | 10.40 |
| 2025-12-02 | 5 | 17 | 515.076 E88 2012 1 | 70045 | 2016-11-25 | e6 | 15.40 | 2015-08-17 | FACIHED | Libros físicos | inventario-2023-12-13 | No Perdido | Clasificación Decimal Dewey | No restringido | Disponible para préstamos | Colección General | Educación secundaria, especialidad matemática e informática | Biblioteca CRAI UPeU Lima | Biblioteca CRAI UPeU Lima | Sala principal | 2015-08-17 | COMPRA | 10.40 |
| 2025-12-02 | 2 | 28 | 515.076 E88 2012 1 | 70047 | 2024-04-21 | e8 | 15.40 | 2015-08-17 | FACIHED | Libros físicos | inventario-2023-12-13 | No Perdido | Clasificación Decimal Dewey | No restringido | Disponible para préstamos | Colección General | Educación secundaria, especialidad matemática e informática | Biblioteca CRAI UPeU Lima | Biblioteca CRAI UPeU Lima | Sala principal | 2015-08-17 | COMPRA | 10.40 |
| 2018-11-13 | 4 | 22 | 515.076 E88 2012 1 | 70048 | 2018-11-13 | e9 | 15.40 | 2015-08-17 | FACIHED | Libros físicos | perdido o baja hasta el 2023-12-13 | Perdido | Clasificación Decimal Dewey | Restringido | No disponible para préstamos | Colección General | Educación secundaria, especialidad matemática e informática | Biblioteca CRAI UPeU Lima | Biblioteca CRAI UPeU Lima | Sala principal | 2015-08-17 | COMPRA | 10.40 |
| 2025-12-02 | 1 | 11 | 515.076 E88 2012 1 | 70049 | 2024-05-30 | e10 | 15.40 | 2015-08-17 | FACIHED | Libros físicos | inventario-2023-12-13 | No Perdido | Clasificación Decimal Dewey | No restringido | Disponible para préstamos | Colección General | Educación secundaria, especialidad matemática e informática | Biblioteca CRAI UPeU Lima | Biblioteca CRAI UPeU Lima | Sala principal | 2015-08-17 | COMPRA | 10.40 |